Statistics for Municipalities of Aomori Prefecture

Click here to take the quiz!

General Stats

  • This quiz has been taken 79 times
  • The average score is 27 of 40

Answers on the Map

Answers color-coded by a green-red scale on the quiz's map according to % correct below.
 

Answer Stats

Answer% Correct
Aomori 青森
100%
Hachinohe 八戸
89%
Towada 十和田
89%
Hirosaki 弘前
86%
Mutsu むつ
86%
Goshogawara 五所川原
83%
Yokohama 横浜
80%
Shichinohe 七戸
77%
Fukaura 深浦
74%
Misawa 三沢
74%
Oma 大間
74%
Tsugaru つがる
74%
Rokunohe 六戸
71%
Sannohe 三戸
71%
Higashidori 東通
69%
Noheji 野辺地
69%
Ajigasawa 鯵ヶ沢
66%
Gonohe 五戸
66%
Hashikami 階上
66%
Imabetsu 今別
66%
Rokkasho 六ヶ所
66%
Kuroishi 黒石
63%
Nanbu 南部
63%
Sai 佐井
63%
Hirakawa 平川
60%
Sotogahama 外ヶ浜
60%
Fujisaki 藤崎
57%
Kazamaura 風間浦
57%
Nishimeya 西目屋
57%
Oirase おいらせ
57%
Owani 大鰐
57%
Takko 田子
57%
Inakadate 田舎館
54%
Itayanagi 板柳
54%
Nakadomari 中泊
54%
Tohoku 東北
54%
Tsuruta 鶴田
54%
Yomogita 蓬田
54%
Hiranai 平内
51%
Shingo 新郷
46%

Score Distribution

Percentile by Number Answered

Percent of People with Each Score

Your Score History

You have not taken this quiz